[Event "6.Griesheimer Schachtage 2010"]
[Site "Griesheim"]
[Date "2010.05.07"]
[Round "1.32"]
[White "Miller, Justin"]
[Black "Haas, Vanessa"]
[Result "1-0"]
[WhiteElo "1311"]
[BlackElo "1848"]
[PlyCount "39"]
[EventDate "2010.05.07"]

1. e4 d5 2. exd5 Qxd5 3. Nc3 Qa5 4. d4 c6 5. Nf3 Nf6 6. Bd3 Bg4 7. O-O e6 8.
Re1 Bd6 9. Qe2 Qh5 10. Ne4 Nxe4 11. Bxe4 Bxf3 12. Qxf3 Qxh2+ 13. Kf1 Bc7 14. d5
Ba5 15. c3 O-O 16. dxc6 f5 17. cxb7 fxe4 18. Qxf8+ Kxf8 19. bxa8=Q Qh1+ 20. Ke2
1-0

[Event "6.Griesheimer Schachtage 2010"]
[Site "Griesheim"]
[Date "2010.05.07"]
[Round "1.33"]
[White "Warnk, Torsten"]
[Black "Mueck, Reinhold"]
[Result "1-0"]
[WhiteElo "1977"]
[BlackElo "1018"]
[PlyCount "79"]
[EventDate "2010.05.07"]

1. d4 d5 2. Nf3 e6 3. Bf4 Nf6 4. c4 c6 5. Nc3 Bb4 6. Qb3 Bxc3+ 7. bxc3 O-O 8.
e3 Nbd7 9. c5 Qa5 10. Bd3 b5 11. cxb6 axb6 12. O-O b5 13. Bd6 Re8 14. Rfc1 Ba6
15. Qc2 Qd8 16. Bb4 Nb6 17. Ne5 Qc7 18. Ba5 Reb8 19. a4 Qc8 20. axb5 Bxb5 21.
Bb4 Bxd3 22. Qxd3 Rxa1 23. Rxa1 Ra8 24. Qb1 Ne4 25. Ra5 f6 26. Nd3 Rxa5 27.
Bxa5 Nc4 28. Qb4 Nxa5 29. Qxa5 Qb8 30. Qa1 g5 31. f3 Nd6 32. Nb4 Qc8 33. Qa7
Nf7 34. Qc5 Nd8 35. Qe7 Nf7 36. Qxf6 Qd7 37. Na6 Qd8 38. Qxe6 Qb6 39. Nb4 c5
40. Qxb6 1-0

[Event "6.Griesheimer Schachtage 2010"]
[Site "Griesheim"]
[Date "2010.05.08"]
[Round "2.1"]
[White "Lenhardt, Manfred"]
[Black "Grabarczyk, Bogdan"]
[Result "0-1"]
[WhiteElo "2149"]
[BlackElo "2433"]
[PlyCount "82"]
[EventDate "2010.05.08"]

1. d4 f5 2. g3 Nf6 3. Bg2 g6 4. Nh3 Nc6 5. O-O Bg7 6. Nf4 e5 7. dxe5 Nxe5 8.
Nc3 c6 9. Nd3 Nf7 10. Be3 O-O 11. Bd4 Re8 12. a4 a5 13. Na2 d5 14. c3 b6 15. b4
Ba6 16. Re1 Bc4 17. Nb2 Ba6 18. Nc1 Ne4 19. Bxg7 Kxg7 20. Qd4+ Kg8 21. Nb3 Rb8
22. Nd3 Nfg5 23. Nf4 Bc4 24. Rab1 axb4 25. cxb4 Qd6 26. f3 c5 27. Qa1 Bxb3 28.
fxe4 Bc2 29. Nxd5 Re5 30. Rbd1 Bxd1 31. Rxd1 Nxe4 32. Nxb6 Qxb6 33. Qxe5 cxb4+
34. Qd4 Qxd4+ 35. Rxd4 Nc3 36. Bd5+ Kg7 37. Bc4 b3 38. Rd7+ Kh6 39. a5 b2 40.
Bd3 b1=Q+ 41. Bxb1 Rxb1+ 0-1

[Event "6.Griesheimer Schachtage 2010"]
[Site "Griesheim"]
[Date "2010.05.08"]
[Round "2.2"]
[White "Boidman, Yuri"]
[Black "Tierling, Detlef"]
[Result "1-0"]
[WhiteElo "2409"]
[BlackElo "2028"]
[PlyCount "59"]
[EventDate "2010.05.08"]

1. e4 e6 2. Qe2 c5 3. Nf3 Nc6 4. g3 Be7 5. d3 Nf6 6. e5 Nd5 7. c4 Nc7 8. Bg2 d5
9. O-O b6 10. Nc3 Bb7 11. h4 Qd7 12. Bf4 O-O-O 13. Rfd1 d4 14. Ne4 h6 15. a3 f5
16. Nd6+ Bxd6 17. exd6 Ne8 18. Re1 Nxd6 19. Qxe6 Nf7 20. Qg6 Rhe8 21. Qxg7 Rg8
22. Qf6 Rdf8 23. Re2 Nfe5 24. Nxe5 Rxf6 25. Nxd7 Kxd7 26. Rae1 Rg7 27. b4 Rh7
28. bxc5 bxc5 29. Rb1 Kc8 30. Re8+ 1-0

[Event "6.Griesheimer Schachtage 2010"]
[Site "Griesheim"]
[Date "2010.05.08"]
[Round "2.3"]
[White "Ahrends, Norbert"]
[Black "Klundt, Klaus"]
[Result "1-0"]
[WhiteElo "2034"]
[BlackElo "2353"]
[PlyCount "81"]
[EventDate "2010.05.08"]

1. d4 d5 2. c4 c6 3. Nc3 Nf6 4. Nf3 e6 5. Bg5 h6 6. Bh4 dxc4 7. e4 g5 8. Bg3 b5
9. Be2 Bb7 10. O-O Nbd7 11. Ne5 Bg7 12. Nxd7 Nxd7 13. Bd6 Qb6 14. e5 c5 15.
dxc5 Nxc5 16. Qd4 Nd3 17. Qxb6 axb6 18. Nxb5 Ra5 19. Bxd3 cxd3 20. a4 Kd7 21.
f4 f5 22. exf6 Bxf6 23. Bb4 Bxb2 24. Rab1 Rxb5 25. axb5 Bd4+ 26. Kh1 Rh7 27. f5
e5 28. Rb3 e4 29. Bc3 Bxc3 30. Rxc3 Kd6 31. Kg1 Ke5 32. Ra3 Bd5 33. Kf2 Rc7 34.
Ke3 Rc2 35. Rf2 Rxf2 36. Kxf2 Kd4 37. Ra4+ Kc3 38. Ke3 Bc4 39. f6 d2 40. Rxc4+
Kxc4 41. Kxd2 1-0

[Event "6.Griesheimer Schachtage 2010"]
[Site "Griesheim"]
[Date "2010.05.08"]
[Round "2.4"]
[White "Zuyev, Igor"]
[Black "Gutacker, Stephan"]
[Result "1-0"]
[WhiteElo "2329"]
[BlackElo "1936"]
[PlyCount "89"]
[EventDate "2010.05.08"]

1. e4 e5 2. Nf3 Nc6 3. d4 exd4 4. Bc4 Nf6 5. e5 d5 6. Bb5 Nd7 7. O-O Be7 8. Re1
O-O 9. Bxc6 bxc6 10. Nxd4 Nb8 11. c4 c5 12. Nc2 d4 13. Qf3 c6 14. Nba3 Be6 15.
Bf4 Qb6 16. b3 Na6 17. Qg3 Rfd8 18. Bh6 Bf8 19. Red1 Bf5 20. Bg5 Re8 21. Bd2
Rad8 22. Bg5 Ra8 23. Ne1 Nb4 24. Nf3 Qa5 25. Nh4 Bg6 26. Nxg6 hxg6 27. Bc1 Rad8
28. f3 Qc7 29. f4 Qd7 30. Bd2 a5 31. Re1 Qf5 32. Red1 Be7 33. Qf3 Qd7 34. Qe4
Rc8 35. Bxb4 cxb4 36. Nc2 c5 37. Ne3 Qc6 38. Nd5 Bf8 39. Rd3 a4 40. Rh3 axb3
41. axb3 Qe6 42. Ra7 Qf5 43. Qxf5 gxf5 44. Rg3 Kh7 45. Rxf7 1-0

[Event "6.Griesheimer Schachtage 2010"]
[Site "Griesheim"]
[Date "2010.05.08"]
[Round "2.5"]
[White "Neuner, Johannes"]
[Black "Gramlich, Sebastian"]
[Result "0-1"]
[WhiteElo "1960"]
[BlackElo "2269"]
[PlyCount "60"]
[EventDate "2010.05.08"]

1. d4 d5 2. c4 e6 3. Nf3 Nf6 4. g3 Be7 5. Bg2 O-O 6. O-O dxc4 7. Qc2 a6 8. Qxc4
b5 9. Qc2 Bb7 10. Bd2 Be4 11. Qc1 Nbd7 12. Ba5 Ra7 13. Nbd2 Bd5 14. Qc2 Qa8 15.
b4 Nb8 16. Rac1 h6 17. Ne1 Bxg2 18. Nxg2 Nd5 19. a3 Rd8 20. Ne1 Nb6 21. e3 Qd5
22. Nd3 Bf6 23. Nf4 Qa8 24. Nd3 h5 25. h4 g6 26. Nf4 Bg7 27. Qc5 N8d7 28. Qg5
e5 29. Ne2 Kh7 30. Rc2 f6 0-1

[Event "6.Griesheimer Schachtage 2010"]
[Site "Griesheim"]
[Date "2010.05.08"]
[Round "2.6"]
[White "Barthel, Ansgar"]
[Black "Geringer, Waldemar"]
[Result "1-0"]
[WhiteElo "2206"]
[BlackElo "1949"]
[PlyCount "59"]
[EventDate "2010.05.08"]

1. e4 c5 2. b3 Nc6 3. Bb2 e5 4. f4 Nf6 5. fxe5 Nxe4 6. Nf3 Nd4 7. Nxd4 Qh4+ 8.
g3 Nxg3 9. Nf3 Qe4+ 10. Kf2 Nxh1+ 11. Kg1 d5 12. Nc3 Qg6+ 13. Kxh1 Be6 14. Bb5+
Kd8 15. Bd3 Qh5 16. Be2 Qf5 17. d4 cxd4 18. Nb5 Bc5 19. Nbxd4 Bxd4 20. Nxd4 Qf4
21. c4 Kc7 22. Rc1 Kb8 23. Nxe6 fxe6 24. Bf3 d4 25. Bg2 Rd8 26. c5 Qxe5 27. c6
bxc6 28. Bxc6 Rd5 29. Qf3 Qd6 30. Qf7 1-0

[Event "6.Griesheimer Schachtage 2010"]
[Site "Griesheim"]
[Date "2010.05.08"]
[Round "2.7"]
[White "Diehl, Werner"]
[Black "Minor, Samuel"]
[Result "0-1"]
[WhiteElo "2090"]
[BlackElo "2183"]
[PlyCount "46"]
[EventDate "2010.05.08"]

1. e4 e6 2. c4 d5 3. cxd5 exd5 4. exd5 Nf6 5. Nc3 Nxd5 6. Bc4 Nb4 7. d4 Bf5 8.
Bb3 Nd3+ 9. Kf1 Qxd4 10. Be3 Qd7 11. Qf3 Nc6 12. Rd1 Bd6 13. Ne4 Nce5 14. Nxd6+
cxd6 15. Qg3 O-O 16. Bd4 Qb5 17. Ne2 Rac8 18. h4 Nc1 19. Qe3 Ng4 20. Qg5 Qxe2+
21. Kg1 g6 22. Rxc1 Rxc1+ 23. Qxc1 Rc8 0-1

[Event "6.Griesheimer Schachtage 2010"]
[Site "Griesheim"]
[Date "2010.05.08"]
[Round "2.8"]
[White "Schlapp, Thomas"]
[Black "Beck, Michael  HDS"]
[Result "1-0"]
[WhiteElo "2284"]
[BlackElo "1813"]
[PlyCount "145"]
[EventDate "2010.05.08"]

1. d4 Nf6 2. c4 g6 3. Nc3 Bg7 4. e4 d6 5. Nf3 O-O 6. Be2 e5 7. O-O Nc6 8. d5
Ne7 9. Ne1 Nd7 10. Nd3 f5 11. Bd2 Nf6 12. f3 f4 13. c5 g5 14. Rc1 Rf7 15. cxd6
cxd6 16. Nb5 Ng6 17. Qc2 Ne8 18. a4 Bd7 19. Nf2 h5 20. Qb3 Bf6 21. Na3 a6 22.
Nc4 b5 23. Na5 bxa4 24. Qa3 Qb6 25. Nc6 Ne7 26. Ba5 Qb3 27. Rc3 Qxa3 28. bxa3
Rg7 29. h3 Bc8 30. Rb1 Nxc6 31. dxc6 Nc7 32. Bxc7 Rxc7 33. Bc4+ Kg7 34. Bd5 Bd8
35. Rc4 a5 36. Rxa4 Ra6 37. Rc4 Kf6 38. Rb8 Ke7 39. Nd1 Raa7 40. Nb2 g4 41.
hxg4 hxg4 42. Na4 gxf3 43. gxf3 Ba6 44. Rc2 Rc8 45. Rbb2 Kf6 46. Rh2 Rg7+ 47.
Kf2 Kg6 48. Rb1 Kf6 49. Nb6 Rcc7 50. Rh8 Rh7 51. Rh1 Rxh1 52. Rxh1 Kg6 53. Rg1+
Kh5 54. Rg8 Rxc6 55. Bxc6 Bxb6+ 56. Kg2 Bc4 57. Be8+ Kh6 58. Rg6+ Kh7 59. Rxd6
Bd4 60. a4 Kg7 61. Bb5 Bb3 62. Ra6 Bc3 63. Kh3 Kf7 64. Rc6 Be6+ 65. Kg2 Bd4 66.
Bc4 Bxc4 67. Rxc4 Ke6 68. Rc6+ Kd7 69. Ra6 Bc3 70. Kh3 Kc7 71. Kg4 Kd7 72. Kf5
Kc7 73. Re6 1-0

[Event "6.Griesheimer Schachtage 2010"]
[Site "Griesheim"]
[Date "2010.05.08"]
[Round "2.9"]
[White "Dankesreiter, Arne"]
[Black "Kaulfuss, Helmut"]
[Result "0-1"]
[WhiteElo "2002"]
[BlackElo "2199"]
[PlyCount "64"]
[EventDate "2010.05.08"]

1. c4 Nc6 2. Nc3 d6 3. g3 e5 4. Bg2 g6 5. d3 Bg7 6. Nf3 f5 7. O-O Nf6 8. e4 O-O
9. exf5 Bxf5 10. Nh4 Be6 11. Bg5 Qd7 12. Nd5 Nd4 13. Nxf6+ Bxf6 14. Qd2 c6 15.
Rae1 Bxg5 16. Qxg5 Qg7 17. c5 dxc5 18. Rxe5 Bxa2 19. Re7 Qf6 20. Qxf6 Rxf6 21.
f4 Rf7 22. Rfe1 Kf8 23. R7e5 b6 24. Nf3 Nxf3+ 25. Bxf3 Rc8 26. Bg4 Rd8 27. R1e3
Bd5 28. f5 a5 29. h4 Kg7 30. fxg6 hxg6 31. Rg5 Rdf8 32. Be2 Rf2 0-1

[Event "6.Griesheimer Schachtage 2010"]
[Site "Griesheim"]
[Date "2010.05.08"]
[Round "2.10"]
[White "Prenzler, Daniel"]
[Black "Mager, Thomas"]
[Result "0-1"]
[WhiteElo "2184"]
[BlackElo "1843"]
[PlyCount "134"]
[EventDate "2010.05.08"]

1. e4 e6 2. d3 d5 3. Nd2 c5 4. Ngf3 Nf6 5. g3 Be7 6. Bg2 O-O 7. O-O Nc6 8. Re1
Qc7 9. c3 b5 10. Nf1 dxe4 11. dxe4 Bb7 12. Qc2 Rfd8 13. Bf4 Qa5 14. Ne3 h6 15.
h4 Nh5 16. Ng4 Nxf4 17. gxf4 Qc7 18. e5 h5 19. Ngh2 g6 20. Nf1 Rd7 21. Ng3 Rad8
22. Ne4 Na5 23. Nfg5 Bxe4 24. Qxe4 Bxg5 25. fxg5 Rd2 26. b3 Qb6 27. Re3 b4 28.
Qf3 Qc7 29. Rc1 Qd7 30. cxb4 cxb4 31. Re2 Rd1+ 32. Rxd1 Qxd1+ 33. Kh2 Qd4 34.
Re4 Qd2 35. Re2 Qd4 36. Re4 Qd2 37. Qe2 Qc3 38. Re3 Qd4 39. Re4 Qc3 40. Re3 Qd4
41. Kg3 Rc8 42. Re4 Rc3+ 43. Kh2 Qc5 44. Qd2 Nc6 45. Qf4 a5 46. Qf6 Rc2 47. Rf4
Nxe5 48. Qd8+ Kh7 49. Qf6 Rxf2 50. Rxf2 Ng4+ 51. Kg3 Nxf6 52. Rxf6 Kg7 53. Rf4
Qe5 54. Bf1 Qe1+ 55. Rf2 Kf8 56. Bc4 Ke7 57. Kg2 Qe4+ 58. Kg3 Qg4+ 59. Kh2
Qxh4+ 60. Kg1 Qxg5+ 61. Rg2 Qe3+ 62. Kf1 g5 63. Re2 Qd4 64. Kg2 g4 65. Kg3 Qg1+
66. Kh4 Qh1+ 67. Kg5 g3 0-1

[Event "6.Griesheimer Schachtage 2010"]
[Site "Griesheim"]
[Date "2010.05.08"]
[Round "2.11"]
[White "Neitzert, Volker"]
[Black "Leiter, Thomas"]
[Result "0-1"]
[WhiteElo "1789"]
[BlackElo "2076"]
[PlyCount "120"]
[EventDate "2010.05.08"]

1. e4 c5 2. d3 Nc6 3. Be2 g6 4. f4 Bg7 5. Nf3 Nf6 6. O-O d5 7. e5 Ng4 8. h3 Nh6
9. d4 cxd4 10. Nxd4 Qb6 11. c3 Nf5 12. Kh2 Nfxd4 13. cxd4 Qxd4 14. Nc3 Qxd1 15.
Rxd1 e6 16. Nb5 O-O 17. Be3 Bd7 18. Nd4 f6 19. exf6 Bxf6 20. g3 Rac8 21. Nf3
Nb4 22. Bxa7 Rc2 23. Rd2 Rfc8 24. Bd1 Rxd2+ 25. Nxd2 Bxb2 26. Rb1 Bc3 27. Nf3
Ra8 28. a3 Rxa7 29. axb4 Ra2+ 30. Kg1 Rb2 31. Rxb2 Bxb2 32. Be2 Kg7 33. Kf2 Kf6
34. Ke3 Bc3 35. b5 b6 36. Bd3 e5 37. fxe5+ Bxe5 38. g4 g5 39. Nd4 Bf4+ 40. Kf3
h6 41. Bf1 Ke5 42. Ne2 Bd2 43. Ng3 Be1 44. Nh5 Kd4 45. Nf6 Be6 46. Ne8 Kc3 47.
Ng7 Bd7 48. Nf5 h5 49. Nd6 hxg4+ 50. hxg4 Bd2 51. Be2 Bf4 52. Nf5 Kb4 53. Ne7
Kc5 54. Bd3 Bd6 55. Nf5 Be5 56. Ne7 Bf6 57. Ng8 Bd8 58. Nh6 Bxb5 59. Bf5 Kd4
60. Nf7 Be7 0-1

[Event "6.Griesheimer Schachtage 2010"]
[Site "Griesheim"]
[Date "2010.05.08"]
[Round "2.12"]
[White "Bahlke, Wolfgang"]
[Black "Makilla, Tobias"]
[Result "1-0"]
[WhiteElo "2126"]
[BlackElo "1897"]
[PlyCount "105"]
[EventDate "2010.05.08"]

1. c4 e5 2. g3 Nc6 3. Bg2 Bc5 4. Nc3 d6 5. a3 a5 6. e3 Nge7 7. Nge2 O-O 8. O-O
Bf5 9. d4 exd4 10. exd4 Bb6 11. h3 Re8 12. Be3 Bg6 13. g4 h5 14. Nf4 hxg4 15.
hxg4 Qd7 16. c5 Ba7 17. Nfd5 Nxd5 18. Bxd5 dxc5 19. dxc5 Qe7 20. Nb5 Rad8 21.
Qb3 Bxc5 22. Bxc5 Qxc5 23. Rad1 Re5 24. Nxc7 Nd4 25. Rxd4 Qxd4 26. Bf3 Qd3 27.
Qxb7 Qc4 28. b3 Qc5 29. b4 axb4 30. axb4 Qc4 31. b5 Be4 32. Bxe4 Qxe4 33. Qxe4
Rxe4 34. f3 Rb4 35. Rc1 Rb8 36. Kg2 Kf8 37. Rc5 Rb7 38. Nd5 Rb2+ 39. Kg3 f6 40.
b6 Kf7 41. Rc6 Rb5 42. Rd6 Rb3 43. Kf4 Ke8 44. Ke4 Rd7 45. Rc6 Kf7 46. f4 Rb5
47. Ne3 Rb4+ 48. Nc4 Rd1 49. f5 Rg1 50. Kd5 Rb5+ 51. Kd6 Rxg4 52. Kc7 Ke7 53.
b7 1-0

[Event "6.Griesheimer Schachtage 2010"]
[Site "Griesheim"]
[Date "2010.05.08"]
[Round "2.13"]
[White "Hahn, Werner"]
[Black "Warnk, Torsten"]
[Result "1-0"]
[WhiteElo "2155"]
[BlackElo "1977"]
[PlyCount "83"]
[EventDate "2010.05.08"]

1. d4 d5 2. c4 c6 3. e3 Nf6 4. Nf3 g6 5. Nc3 Bg7 6. Bd3 O-O 7. O-O Nbd7 8. b3
Re8 9. Bb2 dxc4 10. Bxc4 Nb6 11. Be2 Nbd5 12. Nxd5 cxd5 13. Ne5 Nd7 14. Nd3 a6
15. Qc2 e5 16. dxe5 Nxe5 17. Nxe5 Bxe5 18. Bxe5 Rxe5 19. Rfd1 Bf5 20. Qb2 Qd6
21. Rd2 Rc8 22. Rad1 Be6 23. Bf3 Qc7 24. g3 Qc3 25. Qxc3 Rxc3 26. Bxd5 Bxd5 27.
Rxd5 Rxd5 28. Rxd5 Rc2 29. a4 Rb2 30. Rd3 Kf8 31. Kg2 Ke7 32. Kf3 Ke6 33. e4 h6
34. h3 Rb1 35. Rc3 Rb2 36. Ke3 Kd6 37. f4 Rg2 38. Kd4 b6 39. e5+ Kd7 40. g4
Rd2+ 41. Rd3 Rf2 42. Ke3+ 1-0

[Event "6.Griesheimer Schachtage 2010"]
[Site "Griesheim"]
[Date "2010.05.08"]
[Round "2.14"]
[White "Miller, Justin"]
[Black "Reinert, Stephane"]
[Result "0-1"]
[WhiteElo "1311"]
[BlackElo "2099"]
[PlyCount "88"]
[EventDate "2010.05.08"]

1. e4 d5 2. exd5 Qxd5 3. Nc3 Qd6 4. d4 Nf6 5. Nf3 a6 6. Be2 Nbd7 7. O-O b5 8.
Qd3 Bb7 9. Bg5 e6 10. Bxf6 Nxf6 11. Ne5 Be7 12. Rad1 O-O 13. Bf3 Nd5 14. Nxd5
Bxd5 15. Rfe1 Bf6 16. c3 Rfd8 17. Be4 Bxe4 18. Qxe4 c5 19. Ng4 Bg5 20. Ne5 Qd5
21. Qxd5 Rxd5 22. dxc5 Rad8 23. Rxd5 Rxd5 24. c6 Bd8 25. Nf3 Kf8 26. Kf1 Ke7
27. Ke2 Bb6 28. Nd2 Bxf2 29. c7 Rxd2+ 30. Kxd2 Bxe1+ 31. Kxe1 Kd7 32. Ke2 Kxc7
33. Ke3 Kd6 34. b3 Kd5 35. g3 g5 36. h3 h5 37. Kf3 f5 38. a3 e5 39. Ke3 e4 40.
h4 gxh4 41. gxh4 Ke5 42. c4 f4+ 43. Ke2 bxc4 44. bxc4 Kd4 0-1

[Event "6.Griesheimer Schachtage 2010"]
[Site "Griesheim"]
[Date "2010.05.08"]
[Round "2.16"]
[White "Breitbach, Stephan"]
[Black "Diehm, Alexander"]
[Result "1-0"]
[WhiteElo "1425"]
[BlackElo "2070"]
[PlyCount "61"]
[EventDate "2010.05.08"]

1. c4 b6 2. e3 Bb7 3. Nf3 f5 4. b3 Nf6 5. Bb2 e6 6. Nc3 Be7 7. d3 O-O 8. Be2 a6
9. O-O Qe8 10. Nd4 c5 11. Nc2 Qg6 12. Bf3 Nc6 13. Ne2 Bd6 14. Nf4 Qh6 15. g3 g5
16. Bxf6 Rxf6 17. Ne2 g4 18. Bg2 Qh5 19. Nf4 Bxf4 20. exf4 Rh6 21. h4 gxh3 22.
Qxh5 Rxh5 23. Bf3 Rh6 24. Kh2 Kf7 25. d4 cxd4 26. Nxd4 Nd8 27. Rad1 Ke7 28.
Rfe1 Bxf3 29. Nxf3 Nf7 30. Nh4 Rh5 31. Rd5 1-0

[Event "6.Griesheimer Schachtage 2010"]
[Site "Griesheim"]
[Date "2010.05.08"]
[Round "2.17"]
[White "Holter, Bernd"]
[Black "Breining, Anton"]
[Result "1-0"]
[WhiteElo "1949"]
[BlackElo "1440"]
[PlyCount "93"]
[EventDate "2010.05.08"]

1. Nf3 Nc6 2. d4 d5 3. g3 e6 4. Bg2 Nf6 5. Nbd2 Bd6 6. b3 O-O 7. Bb2 Ne7 8. O-O
Ng6 9. c4 c6 10. Qc2 h6 11. e4 Bc7 12. e5 Nh7 13. h4 Ne7 14. Rac1 a6 15. Ba3
Bb6 16. Rfd1 Re8 17. Nf1 Nf8 18. Ne3 Nfg6 19. Bf1 Ba7 20. Bd3 Qa5 21. Bb2 Qd8
22. c5 Bd7 23. Nh2 Rf8 24. f4 Re8 25. Rf1 Qc8 26. h5 Nf8 27. g4 Bb8 28. Rf2 Kh8
29. Rcf1 Ng8 30. Rg2 f6 31. Nf3 Bc7 32. Qf2 Bd8 33. Qg3 Nh7 34. Bc1 Be7 35. Nh4
Nf8 36. Ng6+ Nxg6 37. Bxg6 Rf8 38. Bb1 Qd8 39. Rh2 b6 40. b4 a5 41. a3 axb4 42.
axb4 bxc5 43. bxc5 Ra1 44. Rb2 Qa8 45. Qg2 Rb8 46. Qc2 Rxb2 47. Qh7# 1-0

[Event "6.Griesheimer Schachtage 2010"]
[Site "Griesheim"]
[Date "2010.05.08"]
[Round "2.18"]
[White "Hoeck, Raimund"]
[Black "Nothnagel, Manuel"]
[Result "1-0"]
[WhiteElo "2049"]
[BlackElo "1501"]
[PlyCount "49"]
[EventDate "2010.05.08"]

1. d4 d5 2. c4 e6 3. Nf3 Nf6 4. e3 c5 5. Nc3 Nc6 6. cxd5 Nxd5 7. Bd3 cxd4 8.
exd4 Bb4 9. Bd2 O-O 10. O-O Nf6 11. Be3 Re8 12. a3 Bd6 13. Rc1 Nd5 14. Nxd5
exd5 15. h3 f5 16. Qd2 Be6 17. Bf4 Bxf4 18. Qxf4 Qf6 19. Bb5 Rac8 20. Bxc6 bxc6
21. Rfe1 Bf7 22. Re5 Rxe5 23. dxe5 Qh6 24. Qxh6 gxh6 25. Nd4 1-0

[Event "6.Griesheimer Schachtage 2010"]
[Site "Griesheim"]
[Date "2010.05.08"]
[Round "2.19"]
[White "Kotzian, Ewald"]
[Black "Tominski, Norbert"]
[Result "0-1"]
[WhiteElo "1645"]
[BlackElo "1921"]
[PlyCount "80"]
[EventDate "2010.05.08"]

1. g4 d5 2. Bg2 Nc6 3. c4 dxc4 4. Qa4 Qd6 5. h3 Be6 6. Na3 Bd5 7. Nxc4 Qc5 8.
Ne3 b5 9. Qd1 Bxg2 10. Nxg2 Nd4 11. Ne3 Nf6 12. Nf3 Nxf3+ 13. exf3 Rd8 14. a4
b4 15. b3 e6 16. Bb2 Be7 17. Rc1 Qd6 18. Qc2 O-O 19. h4 Nd5 20. Nxd5 Qxd5 21.
Ke2 Rd7 22. g5 Rfd8 23. Rcd1 Qd3+ 24. Qxd3 Rxd3 25. Be5 c5 26. Bf4 Rxb3 27. Be3
Kf8 28. Ra1 a5 29. Rhc1 Rd5 30. Rc4 Ke8 31. d4 cxd4 32. Bxd4 e5 33. Bb6 Rc3 34.
Rxc3 bxc3 35. Rd1 Rxd1 36. Kxd1 Bb4 37. Kc2 Kd7 38. f4 Ke6 39. fxe5 Kxe5 40.
Bd4+ Kxd4 0-1

[Event "6.Griesheimer Schachtage 2010"]
[Site "Griesheim"]
[Date "2010.05.08"]
[Round "2.20"]
[White "Haas, Vanessa"]
[Black "Rothermel, Tim"]
[Result "1-0"]
[WhiteElo "1848"]
[BlackElo "1763"]
[PlyCount "85"]
[EventDate "2010.05.08"]

1. e4 Nf6 2. Nc3 e5 3. Nf3 Nc6 4. Bb5 Bc5 5. O-O d6 6. h3 O-O 7. d3 h6 8. Na4
Bb6 9. Nxb6 axb6 10. c3 Be6 11. b3 Ne7 12. d4 Nxe4 13. Qe1 Nf6 14. dxe5 dxe5
15. Qxe5 Ra5 16. b4 Ng6 17. Qe2 Ra8 18. Nd4 Bd7 19. Bc4 Re8 20. Qc2 Ne5 21. Bb3
c5 22. f4 Ng6 23. Qxg6 Kh8 24. Bxf7 cxd4 25. Bxe8 Bxe8 26. Qc2 dxc3 27. Qxc3
Rc8 28. Qe5 Rc4 29. a3 Re4 30. Qc3 Bb5 31. Re1 Rxe1+ 32. Qxe1 Qd4+ 33. Be3 Qe4
34. Bxb6 Qxf4 35. Rd1 Qf5 36. Qc3 Bc6 37. Rf1 Qg6 38. Qd2 Nd7 39. Bd4 Kg8 40.
Qf2 Be4 41. Ra1 Bf5 42. Kh1 Nf8 43. Rf1 1-0

[Event "6.Griesheimer Schachtage 2010"]
[Site "Griesheim"]
[Date "2010.05.08"]
[Round "2.21"]
[White "Nagel, Erwin"]
[Black "Beck, Michael  GRS"]
[Result "1/2-1/2"]
[WhiteElo "1749"]
[BlackElo "1589"]
[PlyCount "82"]
[EventDate "2010.05.08"]

1. d4 d5 2. Nf3 c6 3. e3 Bf5 4. c4 Nf6 5. Nc3 e6 6. a3 a6 7. c5 Nbd7 8. Be2 h6
9. O-O Be7 10. b4 O-O 11. Bb2 Qc7 12. h3 Rfe8 13. Bd3 Bxd3 14. Qxd3 e5 15. dxe5
Nxe5 16. Nxe5 Qxe5 17. Rab1 Qc7 18. Qd4 Bf8 19. Rfe1 Ne4 20. Ne2 f5 21. Nf4 Qf7
22. f3 Ng5 23. Kf2 Ne6 24. Nxe6 Rxe6 25. g4 fxg4 26. Qxg4 Rg6 27. Qf4 Qxf4 28.
exf4 Kf7 29. Re3 Re6 30. Rxe6 Kxe6 31. Rg1 Kf7 32. f5 Re8 33. Bd4 Re7 34. Rg6
Re8 35. h4 Re7 36. h5 Re8 37. f6 gxf6 38. Rxf6+ Ke7 39. Rg6 Kf7 40. Rf6+ Ke7
41. Rg6 Kf7 1/2-1/2

[Event "6.Griesheimer Schachtage 2010"]
[Site "Griesheim"]
[Date "2010.05.08"]
[Round "2.22"]
[White "Lehmann, Gerit"]
[Black "Freund, Karlheinz"]
[Result "1/2-1/2"]
[WhiteElo "1486"]
[BlackElo "1954"]
[PlyCount "91"]
[EventDate "2010.05.08"]

1. d4 c6 2. Nf3 d6 3. Bf4 Nd7 4. e3 Ngf6 5. h3 g6 6. Be2 Bg7 7. O-O O-O 8. Nbd2
d5 9. c4 c5 10. Qb3 cxd4 11. exd4 dxc4 12. Nxc4 Nd5 13. Bh2 N7f6 14. Rac1 Bh6
15. Ne3 Be6 16. Bc4 Nxe3 17. fxe3 Bd5 18. g4 Bxc4 19. Rxc4 Ne4 20. Rd1 Qd5 21.
Rb4 Qxb3 22. Rxb3 b6 23. Bf4 Bxf4 24. exf4 e6 25. Re3 Nf6 26. Red3 Rad8 27. Ne5
Nd5 28. Rf3 f6 29. Nc4 Rc8 30. Ne3 Nxe3 31. Rxe3 Kf7 32. Rde1 Rfe8 33. Kf2 Rcd8
34. Rd1 Rd5 35. Rc3 Re7 36. Re3 Red7 37. Red3 g5 38. fxg5 fxg5 39. Kf3 e5 40.
Ke4 Ke6 41. b3 b5 42. b4 Rd8 43. R1d2 Rf8 44. Rf3 Rf4+ 45. Rxf4 exf4 46. Rc2
1/2-1/2

[Event "6.Griesheimer Schachtage 2010"]
[Site "Griesheim"]
[Date "2010.05.08"]
[Round "2.23"]
[White "Storkebaum, Karl-Heinrich"]
[Black "Gloeckner, Hank"]
[Result "1-0"]
[WhiteElo "1994"]
[BlackElo "1373"]
[PlyCount "43"]
[EventDate "2010.05.08"]

1. d4 b5 2. e4 Bb7 3. f3 b4 4. Be3 Nf6 5. c4 bxc3 6. Nxc3 e6 7. Qb3 Ba6 8. Bxa6
Nxa6 9. Nge2 Rb8 10. Qc2 c5 11. O-O Qa5 12. a3 cxd4 13. Nxd4 Be7 14. b4 Qh5 15.
Nce2 Bd6 16. Ng3 Qh4 17. Nde2 h5 18. Qd3 Be5 19. Qxa6 Bxa1 20. Rxa1 g5 21. Qd6
Rd8 22. Bc5 1-0

[Event "6.Griesheimer Schachtage 2010"]
[Site "Griesheim"]
[Date "2010.05.08"]
[Round "2.24"]
[White "Struwecker, Sigurd"]
[Black "Simak, Jaroslav"]
[Result "0-1"]
[WhiteElo "1405"]
[BlackElo "1753"]
[PlyCount "72"]
[EventDate "2010.05.08"]

1. d4 d5 2. c4 e6 3. Nc3 c5 4. e3 Nf6 5. Nf3 Nc6 6. Be2 Be7 7. O-O O-O 8. a3 a6
9. Rb1 dxc4 10. Bxc4 b5 11. Be2 cxd4 12. exd4 Bb7 13. h3 Nd5 14. Nxd5 Qxd5 15.
b4 Rfd8 16. Be3 Bf6 17. Qb3 Qxb3 18. Rxb3 Nxd4 19. Bxd4 Bxd4 20. Rd1 Bb6 21.
Rbd3 Rxd3 22. Rxd3 Rd8 23. Rxd8+ Bxd8 24. Ne5 Bf6 25. f4 Kf8 26. Nd7+ Ke7 27.
Nxf6 Kxf6 28. g3 e5 29. Kf2 h6 30. Ke3 g5 31. fxe5+ Kxe5 32. g4 f6 33. Bf1 Be4
34. a4 bxa4 35. Bxa6 a3 36. Bc4 Bd5 0-1

[Event "6.Griesheimer Schachtage 2010"]
[Site "Griesheim"]
[Date "2010.05.08"]
[Round "2.25"]
[White "Bitzer, Andre"]
[Black "Grimm, Julius"]
[Result "1-0"]
[WhiteElo "1720"]
[BlackElo "1394"]
[PlyCount "159"]
[EventDate "2010.05.08"]

1. f4 d5 2. b3 Nf6 3. Bb2 Nbd7 4. Nf3 e6 5. e3 b6 6. Bb5 Bb7 7. Bxd7+ Nxd7 8.
O-O Rg8 9. Ne5 g5 10. Qh5 Nxe5 11. Bxe5 Qe7 12. Qxh7 Rg6 13. fxg5 d4 14. Rf2
dxe3 15. dxe3 O-O-O 16. Nd2 Rxg5 17. Bf6 Rxg2+ 18. Rxg2 Qxf6 19. Rf1 Qc3 20.
Rgf2 Qxe3 21. Rd1 Bc5 22. Qxf7 Qxf2+ 23. Qxf2 Rg8+ 24. Kf1 Bxf2 25. Kxf2 Rg2+
26. Ke3 Rxh2 27. c3 Rh3+ 28. Kd4 c5+ 29. Ke5 Rxc3 30. Kxe6 Rd3 31. Ke5 Bf3 32.
Rf1 Rxd2 33. Rxf3 Rxa2 34. Kd6 Kb7 35. Kd5 Rd2+ 36. Kc4 Rd4+ 37. Kc3 Kc6 38.
Rf8 a6 39. Ra8 Kb5 40. Rc8 a5 41. Ra8 a4 42. bxa4+ Rxa4 43. Rg8 Ra3+ 44. Kb2
Kb4 45. Rg6 b5 46. Rg4+ c4 47. Rf4 Rh3 48. Rf2 c3+ 49. Kc2 Re3 50. Rf4+ Ka5 51.
Kb3 Kb6 52. Rd4 Kc5 53. Rd8 Kb6 54. Rb8+ Ka6 55. Ra8+ Kb7 56. Rd8 Kc7 57. Rd4
Rh3 58. Rd5 Kc6 59. Rd8 Kc5 60. Rd7 b4 61. Rd8 Rh4 62. Rc8+ Kd6 63. Rd8+ Ke7
64. Rd1 Kf6 65. Rd8 Re4 66. Rd6+ Kf5 67. Rd8 Kf4 68. Rd7 Ke3 69. Kc2 Ke2 70.
Rd8 Ke3 71. Rd7 Rc4 72. Re7+ Kd4 73. Rd7+ Ke5 74. Rd1 Rd4 75. Rb1 Kd5 76. Kb3
Rd3 77. Kxb4 Kd4 78. Rc1 Rg3 79. Rc2 Kd3 80. Rxc3+ 1-0

[Event "6.Griesheimer Schachtage 2010"]
[Site "Griesheim"]
[Date "2010.05.08"]
[Round "2.26"]
[White "Spitzl, Vinzent"]
[Black "Barisch, Florian"]
[Result "0-1"]
[WhiteElo "1711"]
[BlackElo "1932"]
[PlyCount "54"]
[EventDate "2010.05.08"]

1. e4 c5 2. Nf3 Nc6 3. d4 cxd4 4. Nxd4 Nf6 5. Nc3 d6 6. Bg5 e6 7. Qd2 Be7 8.
O-O-O O-O 9. Bxf6 Bxf6 10. Nxc6 bxc6 11. Qxd6 Qb6 12. f4 Bxc3 13. bxc3 Rb8 14.
Qb4 Qe3+ 15. Rd2 Rxb4 16. cxb4 Qa3+ 17. Kd1 Qxb4 18. Kc1 Qa3+ 19. Kb1 Ba6 20.
c3 Rb8+ 21. Bb5 Bxb5 22. Kc2 Ba4+ 23. Kd3 Rd8+ 24. Ke3 Qxc3+ 25. Rd3 Rxd3+ 26.
Kf2 Rd2+ 27. Ke1 Qc1# 0-1